30 personnages de série TV en images - Statistiques

Statistiques générales
  • Ce quiz a été pris 129 fois
  • Le résultat moyen est 11 sur 30
Statistiques - réponses
Par images Réponse % Correct
Mercredi
82%
Dexter
75%
Buffy
61%
Spock
59%
Phoebe
56%
Jon Snow
55%
Reese
55%
Marc
50%
Walter
49%
Sheldon
46%
Alf
44%
Charles
37%
Negan
37%
Gaby
36%
Bones
35%
Saul
33%
Scully
29%
Max
28%
Will
28%
Fran
26%
Barney
25%
Grogu
23%
Leodagan
21%
Sabri
13%
Jean Claude
12%
Dwight
11%
Sawyer
11%
Teal'c
11%
June
10%
JD
6%
Aucun quiz correspondant
Distribution des résultats
% des personnes avec chaque résultat
Percentile par nombre de réponses
Votre historique - résultats
Vous n’avez pas pris ce quiz